| 000 | 00000nas 2200000za 4500 |
| 001 | 9.846802 |
| 003 | CaOODSP |
| 005 | 20221107153306 |
| 007 | cr ||||||||||| |
| 008 | 171108d19821989oncmr p oss f0###a0eng|d |
| 022 | |y0714-1629|y0227-177X |
| 040 | |aCaOODSP|beng |
| 041 | |aeng|afre |
| 043 | |an-cn--- |
| 086 | 1 |aCS36-003-PDF |
| 245 | 00|aParticleboard, waferboard and hardboard |h[electronic resource] / |cManufacturing and Primary Industries Division = Panneaux agglomérés, panneaux gaufrés et panneaux pressés / Division des industries manufacturières et primaires. |
| 246 | 11|aPanneaux agglomérés, panneaux gaufrés et panneaux pressés |
| 260 | |a[Ottawa] : |bStatistics Canada = Statistique Canada, |c1982-1990. |
| 310 | |aMonthly |
| 362 | 0 |aVol. 18, no. 4 (Apr. 1982)-Vol. 25, no. 12 (Dec. 1989). |
| 500 | |aDigitized edition from print [produced by Statistics Canada]. |
| 520 | |aShows the production, stocks and shipments (domestic by region/province of destination and exports) from mills producing particleboard, waferboard and/or fibreboard. The December issue includes a list of reporting firms. |
| 546 | |aText in English and French. |
| 550 | |aIssued Apr. 1982-Dec. 1984 by Manufacturing and Primary Industries Division; Jan. 1985-Dec. 1989 by Industry Division. |
| 692 | 07|2gccst|aManufacturing industry |
| 710 | 1 |aCanada. |bStatistics Canada. |bIndustry Division. |
| 710 | 1 |aCanada. |bStatistics Canada. |bManufacturing and Primary Industries Division. |
| 780 | 00|tParticleboard and waferboard |w(CaOODSP)9.846783 |
| 785 | 00|tParticleboard, waferboard and fibreboard |w(CaOODSP)9.846809 |
| 792 | |tParticleboard, waferboard and hardboard |efre|w(CaOODSP)9.846805 |